Movies Quiz

Random Movies or Nintendo Quiz

Indiana Jones by Quote Quiz Stats

 Plays Quiz not verified by Sporcle

Score 0/50 Timer 05:00
0 Plays Today
% Correct
Grail Knight
77.4%
Indiana Jones
77.4%
Henry Jones
74.5%
Henry Jones
74.5%
Elsa
73.7%
Short Round
72.9%
Marion
72.6%
Indiana Jones
72.6%
Short Round
72.1%
Henry Jones
71.8%
Sallah
71.3%
Indiana Jones
70.2%
Indiana Jones
69.7%
Butler
68.9%
Indiana Jones
67.8%
Henry Jones
67.6%
Willy Scott
67.3%
Willy Scott
67%
Indiana Jones
67%
Short Round
66.8%
Short Round
65.7%
Sallah
65.7%
Indiana Jones
65.4%
Short Round
64.9%
Henry Jones
64.6%
% Correct
Mutt Williams
63.8%
Colonel Vogel
63.3%
Mutt WIlliams
63.3%
Henry Jones
62.8%
Indiana Jones
61.2%
Henry Jones
60.6%
Walter Donovan
59%
Walter Donovan
58.2%
Sallah
56.4%
Sallah
56.1%
Mola Ram
55.3%
Belloq
54%
Marcus Brody
52.9%
Fedora
52.4%
Marcus Brody
52.4%
Kazim
51.3%
Marcus Brody
50.3%
Mutt Willams and Marion
48.9%
Marcus Brody
48.7%
Col. Dr. Irina Spalko
47.3%
Chatter Lal
36.2%
Panama Hat
34.6%
Mac
33.8%
Charlie
33.5%
No one
25.3%

You're not logged in!

Compare scores with friends on all Sporcle quizzes.
OR
Log In

Show Comments

Extras

Top Quizzes Today


Score Distribution

Your Account Isn't Verified!

In order to create a playlist on Sporcle, you need to verify the email address you used during registration. Go to your Sporcle Settings to finish the process.

Report this User

Report this user for behavior that violates our Community Guidelines.

Details: